Statistics for Avatar: Book I: Water

Click here to take the quiz!

General Stats

  • This quiz has been taken 1,648 times
    (1,638 since last reset)
  • The average score is 22 of 39

Answer Stats

HintAnswer% Correct
Who finds Aang in the iceburg?Katara
100%
Who is Katara's brother?Sokka
99%
Who else is in the iceberg with Aang?Appa
98%
What nation does Zuko belong to?Fire
79%
Who is Zuko's uncle?Uncle Iroh
77%
Who is his father?Fire Lord Ozai
75%
Who is after Aang?Zuko
75%
What do Sokka and Katara call their Grandmother?Gran-Gran
72%
The gang lands on an island named after which Avatar?Avatar Kyoshi
71%
Aang encounters which Avatar's spirit?Roku
71%
What does Sokka name him?Momo
70%
What is the name of the girl they befried?Suki
69%
How old is Aang?112
68%
Who is the King of OmashiBumi
68%
Who does Katara develop a crush on?Jet
66%
Aang then finds which animal?Flying lemur
65%
Who does Sokka develop a crush on in the Northern Water Tribe?Yue
60%
Yue possesses which spirit?Moon Spirit
59%
Who is the actual Blue Spirit?Zuko
59%
Who else is after Aang?Admiral Zhao
54%
What activity does Aang want to do when he gets out the iceberg?Penguin Sledding
54%
True or False: Aang goes into the Avatar StateTrue
54%
What is the name of Jet's group?Freedom Fighters
51%
After Aang is revealed to be the avatar. where do they head of to?Northern Water Tribe
51%
Who does Aang learn waterbending from; but he refuses to teach KataraMaster Pakku
50%
What does Katara steal?Waterbending Scroll
49%
In an earth bending village, the gang meets some earth benders. The people can't bend. Who do they find earth bending?Haru
48%
Whom do they meet there?Kyoshi Warriors
48%
True or False: Yue becomes the moon spiritTrue
44%
Where does Aang go that is forbidden?Fire Nation Ship
42%
What colours are Aang's tattoos?Blue
40%
The two fish represent what?Yin and Yang
40%
Who plans the seiege?Zhao
40%
True or False: Aang has hairFalse
39%
Where do they stop before that?Southern Air Temple
39%
What is the name of the Face Stealer?Koh
28%
Katara learns what kind of water bending?Healing
25%
Zhao is attacked by whom?Iroh
21%
Zuko describes his hunting the avatar as what?His destiny
12%

Score Distribution

Percentile by Number Answered

Percent of People with Each Score

Your Score History

You have not taken this quiz since the last reset